University Home | Library Home | Institutional Repository

The formative years : (Record no. 203109)

MARC details
000 -LEADER
fixed length control field 00818cam4a220020500 4500
001 - CONTROL NUMBER
control field tmp15399182
003 - CONTROL NUMBER IDENTIFIER
control field UPRA
005 - DATE AND TIME OF LATEST TRANSACTION
control field 20190830130509.0
008 - FIXED-LENGTH DATA ELEMENTS--GENERAL INFORMATION
fixed length control field 950804s1968 onc eng u
035 ## - SYSTEM CONTROL NUMBER
System control number (Sirsi) r30835
035 ## - SYSTEM CONTROL NUMBER
System control number (UPRA)tmp15399182
040 ## - CATALOGING SOURCE
Transcribing agency UPRA
245 04 - TITLE STATEMENT
Title The formative years :
Remainder of title Canada, 1812-1871 /
Statement of responsibility, etc. illus. by C.W. Jefferys ; (ed. by James Knight).
260 ## - PUBLICATION, DISTRIBUTION, ETC.
Place of publication, distribution, etc. Toronto :
Name of publisher, distributor, etc. Ryerson Press,
Date of publication, distribution, etc. [1968]
651 #0 - SUBJECT ADDED ENTRY--GEOGRAPHIC NAME
Geographic name Canada -- History -- Pictorial works.
General subdivision Canada -- History -- Pictorial works.
-- Canada -- History -- Pictorial works.
Linkage S62266.1
651 #0 - SUBJECT ADDED ENTRY--GEOGRAPHIC NAME
Geographic name Canada -- History -- 19th century.
General subdivision Canada -- History -- 19th century.
Chronological subdivision Canada -- History -- 19th century.
Linkage S68528.1
700 1# - ADDED ENTRY--PERSONAL NAME
Personal name Knight, James.
Linkage A95200.1
949 ## - LOCAL PROCESSING INFORMATION (OCLC)
a F1031.5
w lcc
i -34738
m MAIN
t BOOK
l ON-SHELF

No items available.

© 2026 - The University of Zambia Library - Koha v25.11